000 00568nam a2200169 a 4500
005 20140412111232.0
008 020417s19uu xx 00 eng d
050 _aM 821.8
_bL2N4 1980
100 _aLear, Edward
245 _aA book of nonsense /
_cby Edward Lear.
260 _aNew York :
_bA Studio Book/The Viking Press,
_c1980.
300 _a[53] p. ; ill.
440 _aA studio book
500 _aReprint of the 187-? ed. published by F. Warne, London, Scribner, Welford, New York; with new introd.
650 _aNonsense
_xverses
_xEnglish
999 _c102234
_d102234